00616 2200217 4500001002100000005001500021007000300036008004100039020001800080035002000098082001500118084002100133100002200154245004700176250001000223260004900233300002100282500005000303650002000353990002500373INLIS00000000000290920260408030133ta260408 g 1 ind  a9786020221656 a0010-0426000019 a899. 221 3 a899. 221 3 AGY p0 aAgyasaziya Raziev1 aPrincess Sendal Jepit /cAgyasaziya Raziev aed. 1 aJakarta :bPT. Gramedia Pustaka Utama,c2013 a230 hlm ;c21 cm aPrincess Sendal Jepit Karya Agyasaziya Raziev 4aFiksi Indonesia a05184/H/SMAN2TS/2026